000 01525nam a2200373 a 4500
001 544
003 BD-RjUL
005 20211208233210.0
008 140709s2014 ja c b 001 0 eng d
020 _a9784924971370
020 _a4924971375
035 _a(BD-RjUL)561
040 _aLWU
_erda
_cLWU
_dOCLCO
_dKSU
_dNLGGC
_dCHVBK
_dUkOxU
_dBD-RjUL
_beng
041 1 _aeng
_hjpn
082 _219
_a181
_bWAT 2014
100 1 _aWakamatsu, Eisuke,
_d1968-
_6880-01
_9116080
245 1 0 _aToshihiko Izutsu and the philosophy of word :
_bin search of the spiritual orient /
_cby Eisuke Wakamatsu ; translated by Jean Connell Hoff.
260 _aTokyo :
_bInternational House of Japan,
_c 2014.
300 _axxv, 457 p. :
_bill. ;
_c24 cm.
490 1 _aLTCB international library selection ;
_vno. 33
500 _a"LTCB International Library Trust/International House of Japan."
500 _aTranslation of: Izutsu Toshihiko : eichi no tetsugaku.
504 _a"Works by Toshihiko Izutsu": pages 397-419.
504 _aIncludes bibliographical references (pages 421-438) and indexes.
600 1 0 _aIzutsu, Toshihiko,
_d1914-1993.
_9116081
650 0 _aPhilosophy, Asian
_xHistory.
_9116082
830 0 _vno. 33.
_9116085
700 1 _aHoff, Jean,
_etranslator.
_9116084
710 2 _aLTCB International Library Trust,
_eissuing body.
_9115882
710 2 _aKokusai Bunka Kaikan (Tokyo, Japan),
_eissuing body.
_9115883
942 _2ddc
_cBK
999 _c544
_d544